000 00773nam a22002297a 4500
003 URS
005 20230725134528.0
008 180103b xxu||||| |||| 00| 0 eng d
040 _curs
050 _aHF 5686 P225 B39 2013
100 _aBaysa, Gloria J. Tolentino,
_eauthor.
_95086
245 _aAccounting for partnership and corporation
_cGloria J. Tolentino-Baysa, Ma. Concepcion Yamat Lupisan
250 _a2014 edition
260 _aMandaluyong City
_bMillenium Books, Inc.
_c2013
336 _2rdacontent
_atext
_btxt
337 _2rdamedia
_aunmediated
_bn
338 _2rdacarrier
_avolume
_bnc
650 0 _92783
_aPartnerships
_xAccounting
650 0 _92784
_aCorporations
_xAccounting
700 _aLupisan, Ma. Concepcion Yamat,
_eauthor.
_95087
942 _2lcc
_cF
999 _c14920
_d14920